000 00348nam a2200133Ia 4500
005 20260328104254.0
008 260328s9999||||xx |||||||||||||| ||und||
100 _aChing, Francis D.K.
245 0 _aInterior Design illustrated /
_cFrancis D.K. Ching
260 _bJohn Wiley & Sons
300 _a378 p.
650 _aDISEÑO INTERIOR
942 _cBK
999 _c10355
_d10355